Eastern Utah Libraries Catalog: Duchesne, Heber, Roosevelt, & Vernal

My big fat Greek wedding 2 / (Record no. 314475)

MARC details
000 -LEADER
fixed length control field 06429cgm a2201261Ma 4500
001 - CONTROL NUMBER
control field ocn954434471
003 - CONTROL NUMBER IDENTIFIER
control field OCoLC
005 - DATE AND TIME OF LATEST TRANSACTION
control field 20200320214127.0
007 - PHYSICAL DESCRIPTION FIXED FIELD--GENERAL INFORMATION
fixed length control field vd cvaizu
008 - FIXED-LENGTH DATA ELEMENTS--GENERAL INFORMATION
fixed length control field 030205p20162016cau094 g vleng d
019 ## -
-- 951722155
-- 951908459
-- 953255467
-- 965594841
-- 971939574
-- 972722580
-- 980538204
-- 988976885
-- 1003630691
020 ## - INTERNATIONAL STANDARD BOOK NUMBER
Cancelled/invalid ISBN 2519232856
020 ## - INTERNATIONAL STANDARD BOOK NUMBER
International Standard Book Number 9782519232851
020 ## - INTERNATIONAL STANDARD BOOK NUMBER
International Standard Book Number 2519232854
020 ## - INTERNATIONAL STANDARD BOOK NUMBER
Terms of availability 10.00
024 1# - OTHER STANDARD IDENTIFIER
Standard number or code 025192328565
024 1# - OTHER STANDARD IDENTIFIER
Standard number or code 025192328596
024 1# - OTHER STANDARD IDENTIFIER
Standard number or code 025192328602
028 42 - PUBLISHER NUMBER
Publisher number 61174929
Source Universal Pictures Home Entertainment
029 1# - (OCLC)
OCLC library identifier AU@
System control number 000057866075
035 ## - SYSTEM CONTROL NUMBER
System control number (OCoLC)954434471
Canceled/invalid control number (OCoLC)951722155
-- (OCoLC)951908459
-- (OCoLC)953255467
-- (OCoLC)965594841
-- (OCoLC)971939574
-- (OCoLC)972722580
-- (OCoLC)980538204
-- (OCoLC)988976885
-- (OCoLC)1003630691
040 ## - CATALOGING SOURCE
Original cataloging agency DEERP
Language of cataloging eng
Transcribing agency DEERP
Modifying agency OCLCO
-- KCP
-- OCLCF
-- OCLCO
-- MQP
-- OCLCO
-- OCL
-- OCLCO
-- OCLCQ
-- OCLCO
-- OCL
-- NOG
-- TDS
-- E3U
-- MQO
-- HKHPL
-- ALFLR
-- OCL
-- OCLCQ
-- OCLCO
-- WACOL
041 0# - LANGUAGE CODE
Language code of text/sound track or separate title end
-- fre
-- spa
-- eng
-- fre
-- spa
Language code of original and/or intermediate translations of text eng
049 ## - LOCAL HOLDINGS (OCLC)
Holding library WACL
050 14 - LIBRARY OF CONGRESS CALL NUMBER
Classification number PN1997.2
Item number M94 2016
082 04 - DEWEY DECIMAL CLASSIFICATION NUMBER
Classification number 791.43/72
Edition number 23
092 ## - LOCALLY ASSIGNED DEWEY CALL NUMBER (OCLC)
Classification number DVD
Item number My B
245 00 - TITLE STATEMENT
Title My big fat Greek wedding 2 /
Statement of responsibility, etc Universal Pictures and Gold Circle Entertainment present in association with Home Box Office ; a Playtone picture ; produced by Rita Wilson, Tom Hanks, Gary Goetzman ; written by Nia Vardalos ; directed by Kirk Jones. Music, Christopher Lennertz ; editor, Mark Czyzewski ; director of photography, Jim Denault.
246 31 - VARYING FORM OF TITLE
Title proper/short title My big fat greek wedding two
250 ## - EDITION STATEMENT
Edition statement Widescreen ed.
260 ## - PUBLICATION, DISTRIBUTION, ETC. (IMPRINT)
Place of publication, distribution, etc Universal City, CA :
Name of publisher, distributor, etc Universal Studios,
Date of publication, distribution, etc 2016.
300 ## - PHYSICAL DESCRIPTION
Extent 1 videodisc (94 min.) :
Other physical details sound, color ;
Dimensions 4 3/4 in.
336 ## - Content Type
Content type term two-dimensional moving image
337 ## - Media type
Media type term video
338 ## - Carrier type
Carrier type term videodisc
340 ## - PHYSICAL MEDIUM
Dimensions 4 3/4 in.
-- rda
344 ## -
-- digital
-- optical
-- surround
-- Dolby Digital 5.1
-- rda
344 ## -
-- digital
-- optical
-- surround
-- Dolby Digital 2.0
-- rda
345 ## -
-- DVD
-- anamorphic widescreen (2.40:1)
-- rda
346 ## -
-- NTSC
-- rda
347 ## -
-- video file
-- DVD video
-- Region 1
-- rda
380 ## -
-- Motion picture.
490 0# - SERIES STATEMENT
Series statement My Big Fat Greek Wedding
500 ## - GENERAL NOTE
General note Special features: Gag reel; making the Greekquel; My big fat Greek dinner.
511 1# - PARTICIPANT OR PERFORMER NOTE
Participant or performer note Nia Vardalos, John Corbett, Gia Carides, Joey Fatone, Louis Mandylor, Andrea Martin, Michael Constantine, Lainie Kazan, Elena Kampouris, Alex Wolff, Rita Wilson, Jayne Eastwood, Ian Gomez.
518 ## - DATE/TIME AND PLACE OF AN EVENT NOTE
Date/time and place of an event note Originally released as a motion picture in 2016.
520 ## - SUMMARY, ETC.
Summary, etc The long-awaited follow-up to the highest-grossing romantic comedy of all time. The film reveals a Portokalos family secret that will bring the beloved characters back together for an even bigger and Greeker wedding. "The sequel is a little like a bear hug from a beloved old relative ..."--Los Angeles Times. "Vardalos is wonderful, and 88-year-old Michael Constantine casually pockets every scene he's in."--Richard Roeper. "Some elements are even broader while a couple, welcomely, are emotionally truer to life."--Boston Globe.
521 8# - TARGET AUDIENCE NOTE
Target audience note Audience: MPAA rating: PG-13, for some suggestive material.
538 ## - SYSTEM DETAILS NOTE
System details note DVD, region 1, NTSC, widescreen (2.40:1) presentation; Dolby digital 5.1, DVS Dolby 2.0.
546 ## - LANGUAGE NOTE
Language note English; English, Spanish or French dialogue, Spanish or French subtitles; subtitled for the deaf and hard of hearing; English described video.
508 ## - CREATION/PRODUCTION CREDITS NOTE
Creation/production credits note Director, Kirk Jones.
650 #0 - SUBJECT ADDED ENTRY--TOPICAL TERM
Topical term or geographic name as entry element Greek Americans
Form subdivision Drama.
9 (RLIN) 5986597
650 #0 - SUBJECT ADDED ENTRY--TOPICAL TERM
Topical term or geographic name as entry element Married people
Form subdivision Drama.
9 (RLIN) 5681961
650 #0 - SUBJECT ADDED ENTRY--TOPICAL TERM
Topical term or geographic name as entry element Families
Form subdivision Drama.
9 (RLIN) 5675607
650 #0 - SUBJECT ADDED ENTRY--TOPICAL TERM
Topical term or geographic name as entry element Teenagers
Form subdivision Drama.
9 (RLIN) 5699059
650 #0 - SUBJECT ADDED ENTRY--TOPICAL TERM
Topical term or geographic name as entry element Comedy films.
9 (RLIN) 5986599
650 #0 - SUBJECT ADDED ENTRY--TOPICAL TERM
Topical term or geographic name as entry element Feature films.
9 (RLIN) 5986601
650 #7 - SUBJECT ADDED ENTRY--TOPICAL TERM
Topical term or geographic name as entry element Comedy films.
Source of heading or term fast
-- (OCoLC)fst00869095
9 (RLIN) 5986599
650 #7 - SUBJECT ADDED ENTRY--TOPICAL TERM
Topical term or geographic name as entry element Families.
Source of heading or term fast
-- (OCoLC)fst01728849
9 (RLIN) 5986603
650 #7 - SUBJECT ADDED ENTRY--TOPICAL TERM
Topical term or geographic name as entry element Feature films.
Source of heading or term fast
-- (OCoLC)fst00922105
9 (RLIN) 5986601
650 #7 - SUBJECT ADDED ENTRY--TOPICAL TERM
Topical term or geographic name as entry element Greek Americans.
Source of heading or term fast
-- (OCoLC)fst00947109
9 (RLIN) 5986605
650 #7 - SUBJECT ADDED ENTRY--TOPICAL TERM
Topical term or geographic name as entry element Married people.
Source of heading or term fast
-- (OCoLC)fst01010656
9 (RLIN) 5986606
650 #7 - SUBJECT ADDED ENTRY--TOPICAL TERM
Topical term or geographic name as entry element Teenagers.
Source of heading or term fast
-- (OCoLC)fst01145551
9 (RLIN) 5986607
655 #0 - INDEX TERM--GENRE/FORM
Genre/form data or focus term DVD-Video discs.
9 (RLIN) 5673658
655 #0 - INDEX TERM--GENRE/FORM
Genre/form data or focus term Videodiscs.
9 (RLIN) 5674338
655 #0 - INDEX TERM--GENRE/FORM
Genre/form data or focus term DVDs.
9 (RLIN) 5986609
655 #4 - INDEX TERM--GENRE/FORM
Genre/form data or focus term Comedy.
9 (RLIN) 5986611
655 #7 - INDEX TERM--GENRE/FORM
Genre/form data or focus term Romantic comedy films.
Source of term fast
-- (OCoLC)fst01710433
9 (RLIN) 5696851
655 #7 - INDEX TERM--GENRE/FORM
Genre/form data or focus term Romance films.
Source of term fast
-- (OCoLC)fst01710332
9 (RLIN) 5675183
655 #7 - INDEX TERM--GENRE/FORM
Genre/form data or focus term Fiction films.
Source of term fast
-- (OCoLC)fst01710264
9 (RLIN) 5674705
655 #7 - INDEX TERM--GENRE/FORM
Genre/form data or focus term Comedy films.
Source of term fast
-- (OCoLC)fst01710291
9 (RLIN) 102658
655 #7 - INDEX TERM--GENRE/FORM
Genre/form data or focus term Drama.
Source of term fast
-- (OCoLC)fst01423879
9 (RLIN) 5673873
655 #7 - INDEX TERM--GENRE/FORM
Genre/form data or focus term Feature films.
Source of term fast
-- (OCoLC)fst01710384
9 (RLIN) 5986612
655 #7 - INDEX TERM--GENRE/FORM
Genre/form data or focus term Video recordings for people with visual disabilities.
Source of term fast
-- (OCoLC)fst01710451
9 (RLIN) 5676923
655 #7 - INDEX TERM--GENRE/FORM
Genre/form data or focus term Video recordings for the hearing impaired.
Source of term fast
-- (OCoLC)fst01710450
9 (RLIN) 5986613
655 #7 - INDEX TERM--GENRE/FORM
Genre/form data or focus term Romantic comedy films.
Source of term lcgft
9 (RLIN) 5696851
655 #7 - INDEX TERM--GENRE/FORM
Genre/form data or focus term Romance films.
Source of term lcgft
9 (RLIN) 5675183
655 #7 - INDEX TERM--GENRE/FORM
Genre/form data or focus term Comedy films.
Source of term lcgft
9 (RLIN) 102658
655 #7 - INDEX TERM--GENRE/FORM
Genre/form data or focus term Feature films.
Source of term lcgft
9 (RLIN) 5986612
655 #7 - INDEX TERM--GENRE/FORM
Genre/form data or focus term Fiction films.
Source of term lcgft
9 (RLIN) 5674705
655 #7 - INDEX TERM--GENRE/FORM
Genre/form data or focus term Video recordings for the hearing impaired.
Source of term lcgft
9 (RLIN) 5986613
655 #7 - INDEX TERM--GENRE/FORM
Genre/form data or focus term Video recordings for people with visual disabilities.
Source of term lcgft
9 (RLIN) 5676923
700 1# - ADDED ENTRY--PERSONAL NAME
Personal name Hanks, Tom.
9 (RLIN) 29715
700 1# - ADDED ENTRY--PERSONAL NAME
Personal name Wilson, Rita.
9 (RLIN) 62081
700 1# - ADDED ENTRY--PERSONAL NAME
Personal name Goetzman, Gary,
Dates associated with a name 1952-
9 (RLIN) 5765673
700 1# - ADDED ENTRY--PERSONAL NAME
Personal name Jones, Kirk,
Dates associated with a name 1964-
9 (RLIN) 58352
700 1# - ADDED ENTRY--PERSONAL NAME
Personal name Vardalos, Nia,
Dates associated with a name 1962-
9 (RLIN) 68655
700 1# - ADDED ENTRY--PERSONAL NAME
Personal name Corbett, John,
Dates associated with a name 1961-
9 (RLIN) 58549
700 1# - ADDED ENTRY--PERSONAL NAME
Personal name Fatone, Joey,
Dates associated with a name 1977-
9 (RLIN) 68677
700 1# - ADDED ENTRY--PERSONAL NAME
Personal name Mandylor, Louis.
9 (RLIN) 5986616
700 1# - ADDED ENTRY--PERSONAL NAME
Personal name Constantine, Michael.
9 (RLIN) 58689
700 1# - ADDED ENTRY--PERSONAL NAME
Personal name Kazan, Lainie.
9 (RLIN) 33334
700 1# - ADDED ENTRY--PERSONAL NAME
Personal name Martin, Andrea,
Dates associated with a name 1947-
9 (RLIN) 63614
700 1# - ADDED ENTRY--PERSONAL NAME
Personal name Kampouris, Elena.
9 (RLIN) 5986619
700 1# - ADDED ENTRY--PERSONAL NAME
Personal name Wolff, Alex,
Dates associated with a name 1997-
9 (RLIN) 5986621
700 1# - ADDED ENTRY--PERSONAL NAME
Personal name Eastwood, Jayne.
9 (RLIN) 67900
700 1# - ADDED ENTRY--PERSONAL NAME
Personal name Gomez, Ian,
Dates associated with a name 1964-
9 (RLIN) 75159
700 1# - ADDED ENTRY--PERSONAL NAME
Personal name Carides, Gia,
Dates associated with a name 1964-
9 (RLIN) 63219
710 2# - ADDED ENTRY--CORPORATE NAME
Corporate name or jurisdiction name as entry element Universal Pictures (Firm)
9 (RLIN) 19584
710 2# - ADDED ENTRY--CORPORATE NAME
Corporate name or jurisdiction name as entry element Gold Circle Entertainment, Inc.
9 (RLIN) 5986623
710 2# - ADDED ENTRY--CORPORATE NAME
Corporate name or jurisdiction name as entry element Home Box Office (Firm)
9 (RLIN) 16921
710 2# - ADDED ENTRY--CORPORATE NAME
Corporate name or jurisdiction name as entry element Playtone (Firm)
9 (RLIN) 68410
710 2# - ADDED ENTRY--CORPORATE NAME
Corporate name or jurisdiction name as entry element Universal Pictures Home Entertainment (Firm)
9 (RLIN) 5718834
942 ## - ADDED ENTRY ELEMENTS (KOHA)
Koha item type DVD
948 ## - LOCAL PROCESSING INFORMATION (OCLC); SERIES PART DESIGNATOR (RLIN)
Series part designator, SPT (RLIN) 10/26/2018
z (OCLC) Sirsi
994 ## -
-- C0
-- WACOL
996 ## -
-- 157182
-- 34301001566472
-- DVD
-- DVD
-- wcl
-- o
-- 14
-- 10.00
-- amazon
-- My B
-- 10/26/2018
-- 02/18/2020
-- 03/16/2020
Holdings
Withdrawn status Lost status Source of classification or shelving scheme Damaged status Not for loan Collection code Home library Current library Shelving location Date acquired Source of acquisition Cost, normal purchase price Total Checkouts Total Renewals Full call number Barcode Date last seen Date checked out Cost, replacement price Price effective from Koha item type
    Dewey Decimal Classification     Movies Wasatch County Library Wasatch County Library Audio Visual Area 10/26/2018 Amazon 10.00 35 25 DVD My B 34301001566472 03/15/2024 03/05/2024 10.00 03/20/2020 DVD
This project was made possible through a grant from the Institute of Museum and Library Service administered by the Utah State Library Division.

Wasatch County Library

  • 465 East 1200 South, Heber City, Utah 84032
  • Phone 435-654-1511 | Fax 435-654-6456

Hours

  • Monday - Friday 9:30 AM - 8:00 PM
  • Saturday 9:30 AM - 1:30 PM
  • Closed Sundays and Holidays